000 00589nam a2200193Ii 4500
003 JO-AjNU
008 230605s9999||||xx |||||||||||||| ||und||
040 _aJO-AjNU
_bara
_erda
_cJO-AjNU
041 _aara
050 1 4 _aBP144.Q85 1900
100 3 _aقرارعة،علي,
_eauthor
_920990
245 0 0 _aدروس المعاملات الشرعية
264 3 1 _aد.م: د.ن، د.ت
300 _a322ص
336 _atext
_btxt
_2rdacontent
337 _aunmediated
_bn
_2rdamedia
338 _avolume
_bnc
_2rdacarrier
650 4 _aالفقه الاسلامي- المعاملات
_920991
999 _aA7217
_c10785
_d10785